A perbeli képviselet és az ügyvédek

Elmentve itt :
Bibliográfiai részletek
Szerző: Vajon Edit
További közreműködők: Juhászné Dr. Zvolenszki Anikó (Témavezető)
Dokumentumtípus: Szakdolgozat
Megjelent: 1997
Tárgyszavak:
Online Access:http://diploma.bibl.u-szeged.hu/24322
LEADER 00555nta a2200157 i 4500
001 dipl24322
005 20130314082624.0
008 110824s1997 hu om 0|| zxx d
040 |a SZTE Diploma Repozitórium  |b hun 
041 |a zxx 
100 1 |a Vajon Edit 
245 1 2 |a A perbeli képviselet és az ügyvédek  |h [elektronikus dokumentum] /  |c Edit Vajon 
260 |c 1997 
650 4 |a Jogi és igazgatási tanulmányok 
700 2 |a Juhászné Dr. Zvolenszki Anikó  |e ths 
856 4 0 |u http://diploma.bibl.u-szeged.hu/id/eprint/24322/1/1997_vajon_edit.pdf  |z Dokumentum-elérés